[Event "HUN-chT2 Charousek 0910"]
[Site "Hungary"]
[Date "2010.02.28"]
[Round "7"]
[White "Porpaczy, Lajos"]
[Black "Bokros, Albert"]
[Result "0-1"]
[WhiteElo "2120"]
[BlackElo "2487"]
[PlyCount "68"]
[EventDate "2009.11.08"]
[EventType "team-tourn"]
[EventRounds "11"]
[EventCountry "HUN"]
[SourceTitle "EXT 2011"]
[Source "ChessBase"]
[SourceDate "2010.11.26"]
[SourceVersion "1"]
[SourceVersionDate "2010.11.26"]
[SourceQuality "1"]
[WhiteTeam "Sarvar"]
[BlackTeam "Tatai Honved"]
[WhiteTeamCountry "HUN"]
[BlackTeamCountry "HUN"]

1. e4 c5 2. Nc3 Nc6 3. g3 g6 4. Bg2 Bg7 5. d3 d6 6. f4 e6 7. Nf3 Nge7 8. Be3 0-0 9. 0-0 b6 10. Qd2 Bb7 11. Rae1 d5 12. Nd1 dxe4 13. dxe4 Nb4 14. c3 Nd3 15. Re2 Bxe4 16. Bf2 Bb7 17. g4 Nxf2 18. Rfxf2 Qc7 19. Ng5 Bxg2 20. Kxg2 Rad8 21. Qe1 Nd5 22. Nh3 Nf6 23. Ne3 Rd3 24. Rf3 b5 25. Nf2 Rd7 26. f5 exf5 27. gxf5 Qc6 28. Nfg4 Ne4 29. h4 h5 30. Nf2 Nf6 31. a4 a6 32. Nh3 Ng4 33. Kg3 Ne5 34. Rf1 Nd3 0-1

[Event "HUN-chT2 Szechenyi 0708"]
[Site "Hungary"]
[Date "2008.03.02"]
[Round "7"]
[White "Toth, Tibor"]
[Black "Porpaczy, Lajos"]
[Result "1/2-1/2"]
[WhiteElo "1997"]
[BlackElo "2116"]
[PlyCount "56"]
[EventDate "2007.10.14"]
[EventType "team"]
[EventRounds "11"]
[EventCountry "HUN"]
[SourceTitle "EXT 2009"]
[Source "ChessBase"]
[SourceDate "2008.11.26"]
[SourceVersion "1"]
[SourceVersionDate "2008.11.26"]
[SourceQuality "1"]
[WhiteTeam "Haladas III"]
[BlackTeam "Sarvar"]
[WhiteTeamCountry "HUN"]
[BlackTeamCountry "HUN"]

1. e4 g6 2. d4 Bg7 3. Nf3 d6 4. h3 c6 5. Bd3 Qc7 6. 0-0 Nd7 7. c3 Ngf6 8. Be3 0-0 9. Qc2 a6 10. a4 e5 11. Nbd2 Re8 12. Rfe1 h6 13. g3 Nf8 14. Kh2 g5 15. dxe5 dxe5 16. a5 Ng6 17. Nb3 g4 18. Ng1 gxh3 19. f3 Nh5 20. Bf1 Qe7 21. Rad1 Kh7 22. Bxh3 Rg8 23. Bf5 Qf6 24. Nh3 Kh8 25. g4 Nhf4 26. Bxf4 Nxf4 27. Nxf4 exf4 28. Qf2 Qe7 1/2-1/2

[Event "HUN-chT2 Szechenyi 0708"]
[Site "Hungary"]
[Date "2007.10.14"]
[Round "1"]
[White "Porpaczy, Lajos"]
[Black "Gabor, Attila"]
[Result "1/2-1/2"]
[WhiteElo "2116"]
[BlackElo "1940"]
[PlyCount "22"]
[EventDate "2007.10.14"]
[EventType "team"]
[EventRounds "11"]
[EventCountry "HUN"]
[SourceTitle "EXT 2009"]
[Source "ChessBase"]
[SourceDate "2008.11.26"]
[SourceVersion "1"]
[SourceVersionDate "2008.11.26"]
[SourceQuality "1"]
[WhiteTeam "Sarvar"]
[BlackTeam "Arboretum"]
[WhiteTeamCountry "HUN"]
[BlackTeamCountry "HUN"]

1. e4 e5 2. Nf3 Nc6 3. Bc4 Be7 4. 0-0 Nf6 5. Re1 0-0 6. c3 d6 7. h3 Na5 8. Bf1 c5 9. d4 Qc7 10. d5 b6 11. Bg5 Nb7 1/2-1/2

[Event "HUN-chT2 Szechenyi 0607"]
[Site "Hungary"]
[Date "2007.04.29"]
[Round "9"]
[White "Gabor, Attila"]
[Black "Porpaczy, Lajos"]
[Result "0-1"]
[WhiteElo "1976"]
[BlackElo "2126"]
[PlyCount "27"]
[EventDate "2006.11.12"]
[EventType "team"]
[EventRounds "11"]
[EventCountry "HUN"]
[SourceTitle "EXT 2008"]
[Source "ChessBase"]
[SourceDate "2007.11.25"]
[SourceVersion "1"]
[SourceVersionDate "2007.11.25"]
[SourceQuality "1"]
[WhiteTeam "Arboretum"]
[BlackTeam "Sarvar"]
[WhiteTeamCountry "HUN"]
[BlackTeamCountry "HUN"]

1. g3 d5 2. Bg2 e5 3. d3 Bf5 4. Nc3 c6 5. Nf3 f6 6. 0-0 Bg4 7. e4 d4 8. Ne2 Ne7 9. h3 Bh5 10. g4 Bf7 11. Ng3 Nd7 12. a3 Qc7 13. Nh4 0-0-0 14. b4 0-1

[Event "HUN-chT2 Szechenyi 0506"]
[Site "Hungary"]
[Date "2006.02.12"]
[Round "7"]
[White "Nemeth, Jozsef"]
[Black "Porpaczy, Lajos"]
[Result "1-0"]
[WhiteElo "2109"]
[BlackElo "2127"]
[PlyCount "45"]
[EventDate "2005.10.16"]
[EventType "team"]
[EventRounds "11"]
[EventCountry "HUN"]
[SourceTitle "EXT 2009"]
[Source "ChessBase"]
[SourceDate "2008.11.26"]
[SourceVersion "1"]
[SourceVersionDate "2008.11.26"]
[SourceQuality "1"]
[WhiteTeam "Zala Volan"]
[BlackTeam "Sarvar"]
[WhiteTeamCountry "HUN"]
[BlackTeamCountry "HUN"]

1. d4 Nf6 2. c4 e6 3. Nc3 b6 4. e4 Bb4 5. Bd3 Bb7 6. f3 c5 7. d5 Bxc3+ 8. bxc3 e5 9. Ne2 d6 10. 0-0 Nbd7 11. Ng3 Nf8 12. Nf5 Ng6 13. Nxg7+ Kf8 14. Nf5 h5 15. Bh6+ Kg8 16. Bg5 h4 17. h3 Bc8 18. Qd2 Rh5 19. Nh6+ Kg7 20. Ng4 Nxe4 21. Bxd8 Nxd2 22. Bf6+ Kf8 23. Rf2 1-0

[Event "HUN-chT2 Szechenyi 0506"]
[Site "Hungary"]
[Date "2006.01.22"]
[Round "6"]
[White "Porpaczy, Lajos"]
[Black "Nagy, Tibor"]
[Result "1-0"]
[WhiteElo "2127"]
[BlackElo "2110"]
[PlyCount "109"]
[EventDate "2005.10.16"]
[EventType "team"]
[EventRounds "11"]
[EventCountry "HUN"]
[SourceTitle "EXT 2009"]
[Source "ChessBase"]
[SourceDate "2008.11.26"]
[SourceVersion "1"]
[SourceVersionDate "2008.11.26"]
[SourceQuality "1"]
[WhiteTeam "Sarvar"]
[BlackTeam "Flesch"]
[WhiteTeamCountry "HUN"]
[BlackTeamCountry "HUN"]

1. e4 e5 2. Nf3 Nc6 3. Bc4 Bc5 4. c3 d6 5. a4 a5 6. h3 Nf6 7. 0-0 0-0 8. d4 exd4 9. cxd4 Bb4 10. Bg5 Qe7 11. Bd5 h6 12. Bxf6 Qxf6 13. Nc3 Ne7 14. e5 Qg6 15. Be4 f5 16. Bd3 Be6 17. exd6 Bxd6 18. Ne5 Qg5 19. f4 Qg3 20. Rf3 Qh4 21. Qe2 Kh7 22. Kh2 Rae8 23. g3 Qf6 24. Re3 Nd5 25. Nxd5 Bxd5 26. Nd7 Qxd4 27. Nxf8+ Rxf8 28. Rd1 Qxa4 29. Bb5 Qa2 30. Bd3 Bc6 31. Qc2 Qf7 32. Bc4 Qh5 33. Rf1 Rf6 34. Bd3 Qf7 35. Qc3 Qd5 36. Qc2 Qf7 37. Qe2 Qd7 38. h4 Qf7 39. Kh3 Qg6 40. g4 Bd7 41. h5 Qf7 42. g5 hxg5 43. fxg5 Kh8 44. gxf6 f4+ 45. Kg2 fxe3 46. Qxe3 gxf6 47. Be4 Qg7+ 48. Kh1 b6 49. Rg1 Qf8 50. Rg6 Be5 51. Bd5 c5 52. Qe4 Qe8 53. Rh6+ Kg7 54. Qh7+ Kf8 55. Rg6 1-0

[Event "HUN-chT2 Szechenyi 0405"]
[Site "Hungary"]
[Date "2004.09.26"]
[Round "1"]
[White "Kovac, Mitja"]
[Black "Porpaczy, Lajos"]
[Result "1/2-1/2"]
[WhiteElo "2096"]
[BlackElo "2147"]
[PlyCount "20"]
[EventDate "2004.09.26"]
[EventType "team"]
[EventRounds "11"]
[EventCountry "HUN"]
[SourceTitle "EXT 2009"]
[Source "ChessBase"]
[SourceDate "2008.11.26"]
[SourceVersion "1"]
[SourceVersionDate "2008.11.26"]
[SourceQuality "1"]
[WhiteTeam "Szentgotthard"]
[BlackTeam "Sarvar"]
[WhiteTeamCountry "HUN"]
[BlackTeamCountry "HUN"]

1. e4 e6 2. d4 d5 3. e5 c5 4. c3 Nc6 5. Nf3 Qb6 6. a3 Bd7 7. b4 cxd4 8. cxd4 Rc8 9. Bb2 Nge7 10. Nc3 Nf5 1/2-1/2

[Event "HUN-chT2 Szechenyi 0304"]
[Site "Hungary"]
[Date "2004.03.21"]
[Round "9"]
[White "Porpaczy, Lajos"]
[Black "Takacs, Gergo"]
[Result "1-0"]
[WhiteElo "2112"]
[BlackElo "1993"]
[PlyCount "45"]
[EventDate "2003.09.28"]
[EventType "team"]
[EventRounds "11"]
[EventCountry "HUN"]
[SourceTitle "EXT 2009"]
[Source "ChessBase"]
[SourceDate "2008.11.26"]
[SourceVersion "1"]
[SourceVersionDate "2008.11.26"]
[SourceQuality "1"]
[WhiteTeam "Sarvar"]
[BlackTeam "Haladas II"]
[WhiteTeamCountry "HUN"]
[BlackTeamCountry "HUN"]

1. e4 c6 2. d4 d5 3. exd5 cxd5 4. Bd3 Nc6 5. c3 Nf6 6. h3 e6 7. Nf3 h6 8. Qe2 Bd6 9. Ne5 0-0 10. f4 Nd7 11. 0-0 a6 12. Nd2 Bxe5 13. fxe5 b5 14. Nf3 b4 15. Qe1 Qb6 16. Qg3 Kh8 17. Bxh6 gxh6 18. Qf4 Kg7 19. Qg4+ Kh8 20. Qh5 Kg7 21. Rae1 a5 22. Re3 Ba6 23. Nh4 1-0

[Event "HUN-chT2 Szechenyi 0304"]
[Site "Hungary"]
[Date "2004.01.25"]
[Round "6"]
[White "Gjuran, Denis"]
[Black "Porpaczy, Lajos"]
[Result "1/2-1/2"]
[WhiteElo "2230"]
[BlackElo "2112"]
[PlyCount "104"]
[EventDate "2003.09.28"]
[EventType "team"]
[EventRounds "11"]
[EventCountry "HUN"]
[SourceTitle "EXT 2009"]
[Source "ChessBase"]
[SourceDate "2008.11.26"]
[SourceVersion "1"]
[SourceVersionDate "2008.11.26"]
[SourceQuality "1"]
[WhiteTeam "Szentgotthard"]
[BlackTeam "Sarvar"]
[WhiteTeamCountry "HUN"]
[BlackTeamCountry "HUN"]

1. e4 e6 2. c4 c6 3. d4 d5 4. exd5 cxd5 5. Nc3 Bb4 6. Nf3 Nf6 7. Qb3 Nc6 8. Bg5 h6 9. cxd5 Qxd5 10. Bc4 Qe4+ 11. Be3 0-0 12. Qxb4 Qxe3+ 13. fxe3 Nxb4 14. Rc1 Bd7 15. Ne5 Rfc8 16. Ke2 Bc6 17. a3 Nbd5 18. Nxd5 exd5 19. Bd3 Ba4 20. Bf5 Bb5+ 21. Kd2 Ne4+ 22. Bxe4 dxe4 23. b3 f6 24. Nc4 Bc6 25. Rhf1 Rd8 26. Na5 Bd5 27. Rc7 b6 28. Nc4 Rdc8 29. Rxc8+ Rxc8 30. Rc1 Kf8 31. Rc3 Rc6 32. Nb2 Ke7 33. b4 Rxc3 34. Kxc3 b5 35. Nd1 f5 36. Kd2 Ke6 37. Ke2 g5 38. g3 Bc4+ 39. Kf2 a6 40. Nc3 g4 41. Ke1 Kd6 42. Kd2 Bd3 43. Nd1 Bc4 44. Nb2 Kd5 45. a4 Bb3 46. axb5 axb5 47. Kc3 Ba2 48. Nd1 Bc4 49. Kb2 Ke6 50. Nc3 Kd6 51. Kc1 Kc6 52. Nb1 Kd6 1/2-1/2

[Event "HUN-chT2 Szechenyi 0304"]
[Site "Hungary"]
[Date "2003.12.07"]
[Round "5"]
[White "Porpaczy, Lajos"]
[Black "Marton, Jozsef"]
[Result "1/2-1/2"]
[WhiteElo "2112"]
[BlackElo "2178"]
[PlyCount "64"]
[EventDate "2003.09.28"]
[EventType "team"]
[EventRounds "11"]
[EventCountry "HUN"]
[SourceTitle "EXT 2009"]
[Source "ChessBase"]
[SourceDate "2008.11.26"]
[SourceVersion "1"]
[SourceVersionDate "2008.11.26"]
[SourceQuality "1"]
[WhiteTeam "Sarvar"]
[BlackTeam "Ajka Banyasz"]
[WhiteTeamCountry "HUN"]
[BlackTeamCountry "HUN"]

1. d4 Nf6 2. c4 e6 3. Nc3 d5 4. e3 c5 5. Nf3 Nc6 6. cxd5 Nxd5 7. Bb5 Be7 8. Ne5 Bd7 9. Nxd7 Qxd7 10. dxc5 Nxc3 11. Qxd7+ Kxd7 12. bxc3 a6 13. Ba4 Bxc5 14. Ke2 b5 15. Bc2 Ne5 16. a4 Nc4 17. h4 Ke7 18. h5 h6 19. Rh4 Rhd8 20. Rg4 Kf8 21. Bb3 Na5 22. Ba2 Ra7 23. Bd2 Nc6 24. Rb1 Rad7 25. Be1 Ne5 26. Re4 Nd3 27. axb5 Nxe1 28. Kxe1 axb5 29. Re5 Rc7 30. Rxb5 Bd6 31. Re4 Rxc3 32. Rc4 Rxc4 1/2-1/2

[Event "HUN-chT2 Szechenyi 0203"]
[Site "Hungary"]
[Date "2003.02.16"]
[Round "7"]
[White "Porpaczy, Lajos"]
[Black "Gruskovnjak, Tomislav"]
[Result "0-1"]
[WhiteElo "2253"]
[BlackElo "2282"]
[PlyCount "82"]
[EventDate "2002.09.22"]
[EventType "team"]
[EventRounds "11"]
[EventCountry "HUN"]
[SourceTitle "EXT 2009"]
[Source "ChessBase"]
[SourceDate "2008.11.26"]
[SourceVersion "1"]
[SourceVersionDate "2008.11.26"]
[SourceQuality "1"]

1. d4 d5 2. c4 dxc4 3. Nc3 a6 4. a4 Nc6 5. d5 Na5 6. Nf3 Nf6 7. Bg5 h6 8. Bh4 Qd6 9. Bxf6 exf6 10. Nd2 Qe5 11. Nf3 Qd6 12. Qc2 Be7 13. e3 0-0 14. Nd2 Qc5 15. Be2 f5 16. 0-0 c6 17. e4 Rd8 18. Bf3 Bg5 19. Rad1 Bxd2 20. Qxd2 cxd5 21. exd5 Bd7 22. Rfe1 Qd6 23. g4 Nb3 24. Qe2 Qf4 25. d6 Re8 26. Nd5 Rxe2 27. Nxf4 Rxe1+ 28. Rxe1 Nc5 29. gxf5 Rd8 30. a5 Nd3 31. Nxd3 cxd3 32. Re5 d2 33. Bd1 Bc6 34. f4 Rxd6 35. Kf2 Rd3 36. Ke2 Rh3 37. Kxd2 Rxh2+ 38. Kc3 Rf2 39. f6 Rxf4 40. fxg7 Kxg7 41. Bh5 Kf6 0-1

[Event "HUN-chT2 Szechenyi 0203"]
[Site "Hungary"]
[Date "2003.01.19"]
[Round "5"]
[White "Bende, Ede"]
[Black "Porpaczy, Lajos"]
[Result "1-0"]
[WhiteElo "2102"]
[BlackElo "2253"]
[PlyCount "80"]
[EventDate "2002.09.22"]
[EventType "team"]
[EventRounds "11"]
[EventCountry "HUN"]
[SourceTitle "EXT 2009"]
[Source "ChessBase"]
[SourceDate "2008.11.26"]
[SourceVersion "1"]
[SourceVersionDate "2008.11.26"]
[SourceQuality "1"]

1. d4 Nf6 2. c4 e6 3. e3 b6 4. Qf3 d5 5. Nc3 Bb7 6. Bd3 Qc8 7. cxd5 Nxd5 8. e4 Nxc3 9. bxc3 Nd7 10. Ne2 g6 11. 0-0 Bg7 12. Ba3 c5 13. Bb5 0-0 14. Qe3 Rd8 15. Rad1 Ba6 16. Qd3 c4 17. Qb1 Bb7 18. Be7 Re8 19. Bg5 a6 20. Ba4 b5 21. Bc2 Nf6 22. f3 Qc6 23. Qc1 a5 24. a3 b4 25. cxb4 axb4 26. axb4 Ba6 27. Nc3 Qb6 28. Ba4 Reb8 29. b5 Bc8 30. Be3 Qa5 31. Rf2 Nd7 32. Rdd2 f5 33. Bd1 Qb4 34. Rb2 Qa3 35. Nb1 Qd6 36. Qxc4 f4 37. e5 Nxe5 38. dxe5 Bxe5 39. Rfd2 Qf8 40. Bd4 Bd6 1-0